000
00301nam a2200133Ia 4500
008
240624s9999 xx 000 0 und d
041
_a
eng
082
_a
302.35 MAR
100
_a
MARCH JAMES G
245
_a
AMBIGUITIES OF EXPERIENCE
260
_c
2010
_a
Pr,2010
300
_a
160 : p.
365
_c
RS
999
_c
18312
_d
18312